00710cam a2200193 a 45000010009000000050017000090080041000260200015000670400013000820820019000952450118001142600054002323000013002865000085002996500022003849420006004069520091004129990013005031295255820240215235211.0020701s2001 ce i100 0 eng  a9558037303 aDLCcDLC 222a320.bWHI.00aWhither PA-UNP consensus? :bproceedings of a two-part seminar series held on 25th July 2000 and 5th August 2000. aColombo :bCentre for Policy Alternatives,c2001. a100 p. : a"Co-sponsored by Centre for Policy Alternatives and Friedrich Naumann Stiftung." 0aPolitical parties cL 001040708LaWERCLbWERCLd2024-02-16l0o320. WHI.p6026r2024-02-15w2024-02-15yL c401d401